La Fontaine / (Record no. 61695)

MARC details
000 -LEADER
campo de control de longitud fija 00609nam a2200193 i 4500
001 - NÚMERO DE CONTROL
campo de control 61695
003 - IDENTIFICADOR DE NÚMERO DE CONTROL
campo de control ES-MaACL
005 - FECHA Y HORA DE LA ÚLTIMA TRANSACCIÓN
campo de control 20251013211834.0
007 - CAMPO FIJO DE DESCRIPCIÓN FÍSICA--INFORMACIÓN GENERAL
campo de control de longitud fija t|
008 - DATOS DE LONGITUD FIJA--INFORMACIÓN GENERAL
campo de control de longitud fija 031113s1913 fr ||||1| fre d
100 1# - ENTRADA PRINCIPAL--NOMBRE DE PERSONA
Nombre de persona Faguet, Émile,
Fechas asociadas al nombre 1847-1916
9 (RLIN) 48632
245 13 - MENCIÓN DEL TÍTULO
Título La Fontaine /
Mención de responsabilidad, etc. Émile Faguet.
260 ## - PUBLICACIÓN, DISTRIBUCIÓN, ETC.
Lugar de publicación, distribución, etc. Paris :
Nombre del editor, distribuidor, etc. Ancienne Librairie Secéne Dudiu et Cie,
Fecha de publicación, distribución, etc. 1913 (
Lugar de fabricación/manufactura Poitiers :
Fabricante Societè Francaise d'Imprimerie)
300 ## - DESCRIPCIÓN FÍSICA
Extensión 356 p. ;
Dimensiones 19 cm.
600 14 - PUNTO DE ACCESO ADICIONAL DE MATERIA--NOMBRE DE PERSONA
Nombre de persona La Fontaine, Jean de,
Fechas asociadas al nombre 1621-1695
9 (RLIN) 69147
852 ## - LOCALIZACIÓN
Ubicación ES-MaACL
Número de control de estantería F-7921
852 ## - LOCALIZACIÓN
Ubicación ES-MaACL
Número de control de estantería G-8584
Holdings
Estatus retirado Estado de pérdida Estado de daño No para préstamo Biblioteca de origen Biblioteca actual Ubicación en estantería Fecha de adquisición Fuente de adquisición Total de préstamos Signatura topográfica completa Código de barras Visto por última vez Precio de reemplazo Tipo de ítem Koha
        Biblioteca del Ateneo de Madrid Biblioteca del Ateneo de Madrid Sala Pecera Planta 3 17/01/2008     G-8584 1064691 23/02/2023 23/02/2023 Libro impreso
        Biblioteca del Ateneo de Madrid Biblioteca del Ateneo de Madrid Sala Pecera Planta 2 17/01/2008     F-7921 1064690 23/02/2023 23/02/2023 Libro impreso